LEADER 00997nam a2200253 u 4500 001 000000009308 003 CaOOAMICUS 005 20070226105206.0 008 940516s1992 it u000 u ita u 035 $a10234743 040 $aPUL$bita 100 1 $aLilla, Salvatore,$d1936-$0(OLS)http://pul/name/9225 245 10$aIntroduzione al medio platonismo /$cSalvatore Lilla. 260 $aRoma :$bIstituto Patristico Augustinianum,$c1992. 300 $a193 p. ;$c22 cm 490 1 $aSussidi patristici ;$v6 650 4$aPlatonici.$0(OLS)http://pul/subject/1934 830 0$aSussidi patristici ;$v6.$0(OLS)http://pul/title/970 850 $aPUL 852 $aPUL$W1$xSL Religione 1$y3$m17 S 6$j13211$nBK-PRI$b $qStampati$B13211$CPULBib$Z2$F13211 $H $81 941 1 $a8 961 $aINV: 73167 996 $6245$aIntroduzione al medio platonismo$9(OLS)http://pul/title/13673 996 $6260$aRoma :$bIstituto Patristico Augustinianum$9(OLS)http://pul/publisher/48277 LEADER 01467nam a2200325 u 4500 001 000000064210 003 CaOOAMICUS 005 20070226121330.0 008 011115s1962 gw u000 u ger u 035 $a10909956 040 $aPUL(R)$bita 100 1 $aLortz, Joseph,$d1887-1975.$0(OLS)http://pul/name/18690 245 14$aDie Reformation in Deutschland /$cJoseph Lortz. 250 $a5. Aufl. 260 $aFreiburg :$bHerder,$c1962. 300 $a2 v. ;$c26 cm 500 $aVarie ristampe: seleziona il numero dell'item per vedere la data di pubblicazione di ciascun volume. 505 0 $aBd. 1. Voraussetzungen, Aufbruch, Erste Entscheidung -- Bd. 2. Aufbau der Fronten, Unionsversuche, Ergebnis. 650 4$aRiforma$zGermania.$0(OLS)http://pul/subject/2837 651 4$aGermania$xStoria ecclesiastica$ySec. XVI.$0(OLS)http://pul/subject/8526 850 $aPUL 852 $aPUL$W1$xSL Religione 1$y3$m74 H 5-6$j83276$nBK-PRI$b $qStampati$B83276$CPULBib$Z2$F83276 $H $81 852 $aPUL$W1$xSL Religione 1$y3$m74 H 5-6$j83276$nBK-PRI$b $qStampati$B83277$CPULBib$Z2$F83277 $H $81 941 1 $a8 961 $aINV: 27681-27682 961 $aINV: 5. rist. (1962) 961 $aINV: 27681-27682 961 $aINV: 5. rist. (1962) 996 $6245$aDie Reformation in Deutschland$9(OLS)http://pul/title/38404 996 $6260$aFreiburg :$bHerder$9(OLS)http://pul/publisher/48354